000
00295nam a22001337a 4500
008
170511b xxu||||| |||| 00| 0 eng d
020
_a
9781599410647
041
_a
eng
080
_2
6TH
_a
347
100
_a
15
101
_a
SHJ
245
_a
DOMESTIC RELATIONS
_c
WADLINGTON,W
942
_2
udc
_c
BK
999
_c
13232
_d
13232